Manual de biotecnología de los enzimas / (Registro nro. 355)
[ vista simple ]
| 000 -CABECERA | |
|---|---|
| Campo de control | 00990cam a2200265 a 4500 |
| 005 - FECHA Y HORA DE LA ULTIMA TRANSACCION | |
| Campo de control | 20161220105557.0 |
| 008 - ELEMENTOS DE LONGITUD FIJA—INFORMACION GENERAL | |
| Campo de control | 970502s19910000sp ad r 0 spa d |
| 020 ## - ISBN | |
| ISBN | 8420007056 |
| 040 ## - FUENTE DE CATALOGACIÓN | |
| Agencia catalogadora original | CO-BoPUJ |
| Agencia transcriptora | CO-BoIAVH |
| Agencia Modificadora | CO-BoIAVH |
| 041 1# - IDIOMA | |
| Código de idioma para texto/pista de sonido o título separado | Español |
| Código de idioma de la versión original y/o traducciones intermedias del texto | Inglés |
| 044 ## - PAÍS DE PUBLICACIÓN | |
| País de publicación | España |
| 082 04 - NUMERO DE CLASIFICACION DECIMAL DEWEY | |
| Número de clasificación | 660.634 |
| Número del ítem | W81m |
| 100 1# - ASIENTO PRINCIPAL--NOMBRE PERSONAL | |
| Nombre personal | Wiseman, Alan |
| Término relacionado | autor |
| 9 (RLIN) | 7447 |
| 245 10 - MENCION DE TITULO | |
| Título | Manual de biotecnología de los enzimas / |
| Mención de responsabilidad | Alan Wiseman ; traducido por Miguel Calvo Rebollar y Emilia Sevillano Calvo |
| 260 ## - PUBLICACION, DISTRIBUCION, ETC. (PIE DE IMPRENTA) | |
| Lugar de publicación, distribución, etc. | Zaragoza (España) : |
| Nombre del editor, distribuidor, etc. | Acribia, |
| Fecha de publicación, distribución, etc. | 1991. |
| 300 ## - DESCRIPCION FISICA | |
| Extensión | ix, 444 páginas : |
| Otros detalles físicos | ilustraciones, tablas y gráficas ; |
| Dimensiones | 24 x 17 cm. |
| 504 ## - NOTA DE BIBLIOGRAFIA, ETC. | |
| Nota de bibliografía | Incluye referencias bibliográficas. |
| 534 ## - NOTA DE VERSION ORIGINAL | |
| Título del original | Handbook of enzyme biotechnology. |
| 650 26 - ASIENTO SECUNDARIO DE MATERIA - TERMINO TEMATICO | |
| Término temático o nombre geográfico como elemento de entrada | Enzimas |
| Subdivisión general | Aplicaciones |
| 9 (RLIN) | 78037 |
| 650 26 - ASIENTO SECUNDARIO DE MATERIA - TERMINO TEMATICO | |
| Término temático o nombre geográfico como elemento de entrada | Ingeniería enzimática |
| 9 (RLIN) | 78031 |
| 650 26 - ASIENTO SECUNDARIO DE MATERIA - TERMINO TEMATICO | |
| Término temático o nombre geográfico como elemento de entrada | Enzimas |
| Subdivisión general | Biotecnología |
| 9 (RLIN) | 78038 |
| 700 1# - ASIENTO SECUNDARIO - NOMBRE PERSONAL | |
| Nombre personal | Calvo Rebollar, Miguel |
| Término de relación | traducción |
| 9 (RLIN) | 78032 |
| 700 1# - ASIENTO SECUNDARIO - NOMBRE PERSONAL | |
| Nombre personal | Sevillano Calvo, Emilia |
| Término de relación | traducción |
| 9 (RLIN) | 78039 |
| 942 ## - ELEMENTOS ADICIONALES (KOHA) | |
| Sistema de clasificación | Dewey Decimal Classification |
| Tipo de ítem | Libro |
| Withdrawn status | Lost status | Sistema de Clasificación | Damaged status | No para préstamo | Colección | Inventariado | Ubicación Permanente | Ubicación actual | Fecha de adquisición | Fuente de Valor | Total Checkouts | Número topográfico | Inventario / Código de Barras | Date last seen | Ejemplar | Price effective from | Forma de adquisición | Tipo de material |
|---|---|---|---|---|---|---|---|---|---|---|---|---|---|---|---|---|---|---|
| Dewey Decimal Classification | General | Inventariado 2017 | Sala Fabio Quevedo | Sala Fabio Quevedo | 29/12/1997 | Amazon | LB-660.634 W81m | 000490 | 04/12/2012 | Ej. 1 | 04/12/2012 | Donación | Libro |